000 00431nam a2200157Ia 4500
008 220216s9999 xx 000 0 und d
100 _aEvans Howard
245 4 _aThe Role of Asian rubber futures exchanges in the European rubber trade
260 _bRubber International Magazine
_c2004
300 _a41-43
650 _aAsia
650 _aEurope
650 _aRubber futures exchange
650 _aRubber trade
942 _cJS
999 _c70976
_d70976